American arms supermarket / (Record no. 33409)

MARC details
000 -LEADER
campo de control de longitud fija 00449nam a2200169 4500
001 - NÚMERO DE CONTROL
campo de control 23919
005 - FECHA Y HORA DE LA ÚLTIMA TRANSACCIÓN
campo de control 20230410105255.0
008 - DATOS DE LONGITUD FIJA--INFORMACIÓN GENERAL
campo de control de longitud fija 060907n1984 dr spa
020 ## - NÚMERO INTERNACIONAL ESTÁNDAR DEL LIBRO
Número Internacional Estándar del Libro 0292703694
035 ## - NÚMERO DE CONTROL DEL SISTEMA
-- funglode24092
041 ## - CÓDIGO DE IDIOMA
Código de lengua del texto/banda sonora o título independiente EN
050 14 - SIGNATURA TOPOGRÁFICA DE LA BIBLIOTECA DEL CONGRESO
Número de clasificación UF 533 K63a 1984
100 ## - ENTRADA PRINCIPAL--NOMBRE DE PERSONA
Nombre de persona Klare, Michael T.
245 1# - MENCIÓN DEL TÍTULO
Título American arms supermarket /
Mención de responsabilidad, etc. Michael T. Klare
260 ## - PUBLICACIÓN, DISTRIBUCIÓN, ETC.
Lugar de publicación, distribución, etc. Austin :
Nombre del editor, distribuidor, etc. University of Texas Press,
Fecha de publicación, distribución, etc. 1984
942 ## - ELEMENTOS DE ENTRADA SECUNDARIOS (KOHA)
Fuente del sistema de clasificación o colocación Clasificación de Library of Congress
Tipo de ítem Koha
Holdings
Estatus retirado Estado de pérdida Fuente del sistema de clasificación o colocación Estado de daño No para préstamo Colección Biblioteca de origen Biblioteca actual Ubicación en estantería Fecha de adquisición Serial enumeration / chronology Signatura topográfica completa Código de barras Visto por última vez Tipo de ítem Koha
    Clasificación de Library of Congress     Recursos Regionales Biblioteca Juan Bosch Biblioteca Juan Bosch Recursos Regionales (2do. Piso) 23/10/2018 1 UF 533 K63a 1984 00000025251 23/10/2018